LEADER 01380nam2 22003493i 450 001 PUV0152257 005 20251003044311.0 010 $a0387509976 010 $a3540509976 100 $a19940311d1991 ||||0itac50 ba 101 | $aeng 102 $ade 181 1$6z01$ai $bxxxe 182 1$6z01$an 200 1 $aˆ2: ‰Stochastic control, multivariable control, adaptive control, applications$fRolf Isermann 205 $a2. revised ed 210 $aBerlin [etc.]$cSpringer$dc1991 215 $aXXI, 325 p.$d25 cm. 461 1$1001PUV0152226$12001 $aDigital control systems$fRolf Isermann 606 $aSistemi di controllo automatici$2FIR$3CFIC002887$9E 676 $a629.8$9INGEGNERIA DEI CONTROLLI AUTOMATICI$v14 676 $a629.8312$9$v22 696 $aControllo automatico mediante computer 699 $aSistemi di controllo automatici$yControllo automatico mediante computer 700 1$aIsermann$b, Rolf$f <1938- >$3MILV036886$4070$025133 801 3$aIT$bIT-000000$c19940311 850 $aIT-BN0095 912 $aPUV0152257 950 2$aBiblioteca Centralizzata di Ateneo$cv. 1-2$d 01SALA DING 629.8 ISE.di$e 0102 0000009475 VMA A4(0002 v. 2$fY $h19940427$i19940427 977 $a 01 996 $aStochastic control, multivariable control, adaptive control, applications$91574111 997 $aUNISANNIO